000 00398nam a2200181Ia 4500
000 00746ngmaa2200277 a 4500
003 RNL
006 g||||fr|||| a0| fz
007 hj bfb|||baap
008 090707b ii f a fnsan d
040 _aeng
100 _aJagbir Singh
245 _aGurmat kav da itihas
260 _aDelhi
260 _bPunjabi Academy
260 _c2004
942 _cBK
999 _c20649
_d20649